=LDR 00000nam 2200000 4500 =001 INLIS000000000034132 =005 20130612140040 =008 ***********************************Ind** =035 ##$$0010-061300000034132 =041 ##$$a Ind =082 ##$$a 574.520 7 =090 ##$$a 574.520 7, Bio b =100 ##$$a Siregar, Amelia Zuliyanti =245 ##$$a Biologi pertanian SMK, Amelia Zulianti Siregar =260 ##$$a 2008 $b Jakarta =300 ##$$a 89 hlm, ilus, 21 cm =650 ##$$a Biologi =850 ##$$a NBPNMAT =990 ##$$a 1268812688 =990 ##$$a 01201712688